MARC

LEADER 00000nam0a2200000 4500
001 322075
005 20231102003435.0
035 |a (RuTPU)RU\TPU\book\347631 
090 |a 322075 
100 |a 20160915d1980 km y0rusy50 ca 
101 0 |a rus 
102 |a RU 
105 |a a z 001za 
200 1 |a Валерий Малолетков  |e альбом  |f сост. Е. В. Васютинская 
210 |a Москва  |c Советский художник  |d 1980 
215 |a 55 с.  |c ил. 
225 1 |a Новые имена 
600 1 |a Малолетков  |b В. А.  |c Народный художник РФ  |c керамист  |f 1945-  |g Валерий Александрович  |2 stltpush  |3 (RuTPU)RU\TPU\pers\46140 
606 1 |a Керамика художественная  |2 stltpush  |3 (RuTPU)RU\TPU\subj\14282  |9 40722 
610 1 |a декоративно-прикладное искусство 
610 1 |a шамотные глины 
610 1 |a фарфор 
610 1 |a фаянс 
610 1 |a фаянсовые изделия 
675 |a 738  |v 4 
702 1 |a Васютинская  |b Е. В.  |g Елена Вадимовна  |4 220 
801 1 |a RU  |b 63413507  |c 20160915 
801 2 |a RU  |b 63413507  |c 20200217  |g RCR 
942 |c BK